000 00373nam a2200157Ia 4500
008 230917s9999||||xx |||||||||||||| ||und||
040 _e34958
_aMAIN
041 _aEnglish
082 _a342 J776A
100 _aJoshi, K C
245 0 _aAdministrative law
250 _a3rd ed.
260 _aAllahabad
_bAllahabad Law Agency
_c1984
300 _axxi, 282 p.
942 _cBK
999 _c62994
_d62994